000 00564nam a2200205Ia 4500
005 20250923144807.0
008 008 250917s9999 xx 000 0 eng d
037 _aTextual
040 _aDSWL
_beng
_cDSWL
041 _aeng
_2eng
084 _a9042, J5
_qDSWL
100 _aKawasaki, Ichiro
_9828482
245 4 _aThe Japanese are like that
_cby Ichiro Kawasaki
260 _aTokyo
_bCharlesE. Tuttle Co.
_c1960
300 _a232p.
365 _aUSD
_b1.5
925 _g1.5
942 _cTEXL
_h9042, J5
999 _c1443415
_d1443415